| 000 | 00403 a2200145 4500 | ||
|---|---|---|---|
| 005 | 20250627143506.0 | ||
| 020 | _a0-02-953527-1 | ||
| 082 | _a330 HIR | ||
| 100 | _aHIRD, H.R. | ||
| 245 | _aWorking with Economics: a Canadian Framework, | ||
| 250 | _a2nd Ed. | ||
| 260 |
_aCanada, _bCollier Macmillan Canada, Inc. _c1988. |
||
| 300 |
_axv,;466p: ill,; figure, _bGlossary & Index, _c24cm. |
||
| 942 |
_2ddc _cBKS |
||
| 999 |
_c5688 _d5688 |
||